| 000 | 01398nam a2200349Ia 4500 | ||
|---|---|---|---|
| 001 | ebr10255993 | ||
| 003 | CaPaEBR | ||
| 006 | m u | ||
| 007 | cr cn||||||||| | ||
| 008 | 020318s2001 njua sb 001 0 eng d | ||
| 010 | _z 2002277093 | ||
| 020 | _z9789810246815 | ||
| 020 | _z9810246811 | ||
| 040 |
_aCaPaEBR _cCaPaEBR |
||
| 035 | _a(OCoLC)269022955 | ||
| 050 | 1 | 4 |
_aTJ211.415 _b.S65 2001eb |
| 082 | 0 | 4 |
_a629.8/92 _221 |
| 100 | 1 | _aSmith, Penelope Probert. | |
| 245 | 1 | 0 |
_aActive sensors for local planning in mobile robotics _h[electronic resource] / _cPenelope Probert Smith. |
| 260 |
_aRiver Edge, NJ : _bWorld Scientific, _c2001. |
||
| 300 |
_axvii, 317 p. : _bill. |
||
| 490 | 1 |
_aWorld Scientific series in robotics and intelligent systems ; _vv. 26 |
|
| 504 | _aIncludes bibliographical references (p. 291-305) and index. | ||
| 533 |
_aElectronic reproduction. _bPalo Alto, Calif. : _cebrary, _d2011. _nAvailable via World Wide Web. _nAccess may be limited to ebrary affiliated libraries. |
||
| 650 | 0 | _aMobile robots. | |
| 650 | 0 | _aDetectors. | |
| 650 | 0 | _aSignal processing. | |
| 655 | 7 |
_aElectronic books. _2local |
|
| 710 | 2 | _aebrary, Inc. | |
| 830 | 0 |
_aWorld Scientific series in robotics and intelligent systems ; _vv. 26. |
|
| 856 | 4 | 0 |
_uhttp://site.ebrary.com/lib/rucke/Doc?id=10255993 _zAn electronic book accessible through the World Wide Web; click to view |
| 999 |
_c14407 _d14407 |
||